000 00654nam a2200181 i 4500
001 167407
003 ES-MaACL
005 20230906213523.0
008 011011s1872 sp |||| | spa d
100 1 _aVickede, Julio.
_9133673
245 1 4 _aLas faltas estratégicas de los franceses en la última guerra /
_cJulio Vickede ; traducción de Arturo Cotarelo.
260 _aMadrid :
_b[s.n.],
_c1872 (
_fEstab. tip. de P. Abienzo)
300 _a32 [i.e. 20] p. ;
_c24 cm.
597 _aError de pág., de p. 18 pasa a p. 31.
651 4 _aFrancia-
_xHistoria-
_y1871-1873.
_9167507
700 1 _aCotarelo, Arturo.
_941165
852 _aES-MaACL
_jFol-Laf-93
999 _c167407
_d167407